Génesis geológica e hidrológica de la surgencia de aguas termales en los Baños de Fortuna (Record no. 615527)
[ view plain ]
| 000 -CABECERA | |
|---|---|
| Campo de control de longitud fija | 00598nab a2200157Ia 4500 |
| 003 - IDENTIFICADOR DEL NÚMERO DE CONTROL | |
| Campo de control | ES-SlBCS |
| 005 - FECHA Y HORA DE LA ÚLTIMA TRANSACCIÓN | |
| Campo de control | 20210601134628.0 |
| 008 - CÓDIGOS DE INFORMACIÓN DE LONGITUD FIJA | |
| Campo de control de longitud fija | 140529s1996 xxu||||| |||| 00| 0 spa d |
| 041 ## - CÓDIGO DE LENGUA | |
| Código de lengua del texto/banda sonora o título independiente | spa |
| 100 1# - PUNTO DE ACCESO PRINCIPAL-NOMBRE DE PERSONA | |
| Nombre de persona | Genovés Cardona, Ignacio |
| 9 (RLIN) | 220661 |
| 245 00 - MENCIÓN DE TÍTULO | |
| Título | Génesis geológica e hidrológica de la surgencia de aguas termales en los Baños de Fortuna |
| Mención de responsabilidad, etc. | Ignacio Genovés Cardona, Melchor Senent Alonso |
| 650 04 - PUNTO DE ACCESO ADICIONAL DE MATERIA-TÉRMINO DE MATERIA | |
| Término de materia o nombre geográfico como elemento inicial | Balneario Romano-Baños de Fortuna |
| 9 (RLIN) | 220662 |
| 700 1# - PUNTO DE ACCESO ADICIONAL-NOMBRE DE PERSONA | |
| Nombre de persona | Senent Alonso, Melchor |
| 9 (RLIN) | 220663 |
| 773 0# - ENLACE AL DOCUMENTO FUENTE | |
| Título | Antigüedad y Cristianismo |
| Parte(s) relacionada(s) | nº. 13, 1996, págs. 225-250 |
| Número de control del registro relacionado | Rev1032 |
| 942 ## - ENTRADA DE ELEMENTOS AGREGADOS (KOHA) | |
| Koha [por defecto] tipo de item | Artículos de revista |
| Suprimido | Perdido | Estropeado | No para préstamo | Localización permanente | Localización actual | Localización en estantería | Fecha adquisición | Préstamos totales | Fecha última consulta | Fecha del precio de reemplazo | Tipo de item de Koha |
|---|---|---|---|---|---|---|---|---|---|---|---|
| San Esteban | San Esteban | Depósito de revistas | 11/07/2014 | 11/07/2014 | 11/07/2014 | Artículos de revista |
